000 01005nam a2200289 a 4500
001 000023352
005 20250523102601.0
008 101202s1994 ag r 000 0 spa d
020 _a8477203601
040 _aDO-SdBNP
_bspa
_cBNPHU
041 1 7 _aspa
_heng
_2Código de idioma MARC
082 _a155.633
_bT449s, 1994
100 1 _aThoele, Sue Patton
_948104
240 1 0 _aThe woman's book of courage.
_lEspañol.
245 1 0 _aSer tú misma :
_bmeditaciones para la capacitación y la paz mental /
_cSue Patton Thoele ; traducción de Montse Porti.
250 _a2a ed.
260 _aBarcelona, (España) :
_bObelisco,
_c1994.
300 _a200, [6] p. ;
_c21 cm.
490 1 _aNueva consciencia
534 _aTítulo original:
_tThe woman's book of courage.
650 4 _aAutorrealización en la mujer
_937532
650 4 _aPsicología de la mujer
_943610
650 0 _aValores (Filosofía)
_9604
700 1 _aPurti, Montse
_etr.
_948105
830 0 _aNueva consciencia
_948106
049 _aBNGR
999 _c22849
_d22849